000 00530 a2200169 4500
020 _a 8120307712
040 _aDLC
_bDLC
082 _a621.382
100 _a Martin, James.
245 _aTelecommunications and the computer
_cJames Martin
250 _a3rd ed.
260 _aNew Delhi :
_bPrentice-Hall of India Pvt.Ltd. ,
_c2003.
300 _axvi, 720 p. :
_bill. ;
_c25 cm.
500 _aIncludes bibliographical references and index
650 _a1.Telecommunication.2.Data transmission systems.
942 _cBK
_k621.382 MAR
_2ddc
999 _c4710
_d4710